000 00337nam a2200133Ia 4500
008 191201s2006 xx 000 0 und d
100 _aGupta, J B
245 0 _aBasic Electrical and Electronics Engineering
250 _a4th
260 _c2006
_bS K Kataria and Sons
_aN.Delhi
300 _a671
650 _aAPPLIED
942 _2ddc
_cBB
_03
999 _c7171
_d7171